[Event "Urals-ch"]
[Site "Satka"]
[Date "2012.03.27"]
[Round "4"]
[White "Lobov, Dmitry"]
[Black "Matveev, Vladimir A"]
[Result "0-1"]
[WhiteElo "2143"]
[BlackElo "2323"]
[PlyCount "62"]
[EventDate "2012.03.24"]
[EventType "swiss"]
[EventRounds "9"]
[EventCountry "RUS"]
[SourceTitle "CBM 147 Extra"]
[Source "ChessBase"]
[SourceDate "2012.04.24"]
[SourceVersion "1"]
[SourceVersionDate "2012.04.24"]
[SourceQuality "1"]

1. e4 d6 2. d4 g6 3. c4 Nf6 4. Nc3 Bg7 5. Nf3 0-0 6. Be2 e5 7. d5 a5 8. Nd2 Na6 9. h4 Nd7 10. h5 Ndc5 11. g4 c6 12. Nf1 cxd5 13. cxd5 Bd7 14. Be3 b5 15. Ng3 Qe7 16. Qd2 a4 17. Bh6 Bxh6 18. Qxh6 a3 19. b3 Rac8 20. Nxb5 Bxb5 21. Bxb5 Nb4 22. Qd2 Nxb3 23. axb3 Nc2+ 24. Kf1 Nxa1 25. Bc4 Rxc4 26. bxc4 Nb3 27. Qa2 Ra8 28. Kg2 Nd4 29. hxg6 hxg6 30. Ne2 Qg5 31. f3 Rb8 0-1

[Event "Urals-ch"]
[Site "Satka"]
[Date "2012.03.25"]
[Round "2"]
[White "Lobov, Dmitry"]
[Black "Enderov, Vladimir"]
[Result "1-0"]
[WhiteElo "2143"]
[BlackElo "1933"]
[PlyCount "89"]
[EventDate "2012.03.24"]
[EventType "swiss"]
[EventRounds "9"]
[EventCountry "RUS"]
[SourceTitle "CBM 147 Extra"]
[Source "ChessBase"]
[SourceDate "2012.04.24"]
[SourceVersion "1"]
[SourceVersionDate "2012.04.24"]
[SourceQuality "1"]

1. e4 e5 2. Nf3 Nf6 3. Nxe5 Nxe4 4. Qe2 Qe7 5. Qxe4 d6 6. d4 dxe5 7. dxe5 Nc6 8. Bb5 Bd7 9. 0-0 0-0-0 10. Bxc6 Bxc6 11. Qf5+ Kb8 12. Nc3 Qd7 13. Qxd7 Rxd7 14. Be3 Bb4 15. f4 Bxc3 16. bxc3 Be4 17. Rac1 b6 18. Rfe1 Bf5 19. Kf2 h5 20. Kf3 Rh6 21. h3 h4 22. Bf2 Be6 23. Rcd1 Bd5+ 24. Ke3 Kc8 25. Rg1 Bxa2 26. f5 Re7 27. Kf4 f6 28. e6 g6 29. Ra1 Bd5 30. Rxa7 gxf5 31. Bxb6 Bb7 32. Bd4 Rxe6 33. Kxf5 Re2 34. g3 hxg3 35. Rxg3 Kb8 36. Rg8+ Bc8+ 37. Kf4 Rxc2 38. Ra1 Rh4+ 39. Ke3 Rxh3+ 40. Ke4 Rb2 41. Kd5 Rh7 42. Kc6 Rb7 43. Ba7+ Rxa7 44. Rb1+ Rb7 45. Rxb7+ 1-0

[Event "Khanty-Mansiysk Governor Cup 6th"]
[Site "Khanty-Mansiysk"]
[Date "2010.09.20"]
[Round "4"]
[White "Vokarev, Sergey"]
[Black "Lobov, Dmitry"]
[Result "1-0"]
[WhiteElo "2508"]
[BlackElo "2143"]
[PlyCount "85"]
[EventDate "2010.09.17"]
[EventType "swiss"]
[EventRounds "10"]
[EventCountry "RUS"]
[SourceTitle "CBM 138 Extra"]
[Source "ChessBase"]
[SourceDate "2010.10.29"]
[SourceVersion "1"]
[SourceVersionDate "2010.10.29"]
[SourceQuality "1"]

1. e4 e5 2. Nf3 Nc6 3. Bb5 Nf6 4. d3 d6 5. c3 Be7 6. 0-0 0-0 7. Re1 Bg4 8. h3 Bh5 9. Nbd2 h6 10. Nf1 Nh7 11. Ng3 Bxf3 12. Qxf3 Bg5 13. Be3 Ne7 14. d4 Bxe3 15. Qxe3 c6 16. Bc4 Ng5 17. Rad1 Qc7 18. f4 exf4 19. Qxf4 Ng6 20. Qg4 Qb6 21. h4 Ne5 22. Qe2 Ne6 23. Bb3 Kh7 24. Nf5 Rad8 25. Qe3 Ng6 26. Rf1 Qc7 27. Qg3 d5 28. e5 Ne7 29. Nd6 f5 30. Bc2 g6 31. h5 Rg8 32. Qd3 Ng5 33. hxg6+ Rxg6 34. Nxf5 Ne4 35. Nxe7 Qxe7 36. Qf3 Qh4 37. Rd2 Rdg8 38. Bxe4 dxe4 39. Qf5 Kh8 40. Re2 Rg5 41. Qf4 Qh3 42. Qh2 Qxh2+ 43. Kxh2 1-0

[Event "RUS-ch sf Urals 60th"]
[Site "Nizhnij Tagil"]
[Date "2007.03.20"]
[Round "7"]
[White "Efanov, Nikolai Aleksandrov"]
[Black "Lobov, Dmitry"]
[Result "1-0"]
[WhiteElo "2312"]
[BlackElo "2152"]
[PlyCount "49"]
[EventDate "2007.03.14"]
[EventType "swiss"]
[EventRounds "9"]
[EventCountry "RUS"]
[SourceTitle "CBM 117 Extra"]
[Source "ChessBase"]
[SourceDate "2007.05.09"]
[SourceVersion "1"]
[SourceVersionDate "2007.05.09"]
[SourceQuality "1"]

1. e4 c5 2. Nf3 e6 3. b3 Nc6 4. Bb2 d6 5. Bb5 Bd7 6. 0-0 Nf6 7. Re1 Be7 8. d4 cxd4 9. Nxd4 e5 10. Nf3 0-0 11. Nbd2 Bg4 12. h3 Bh5 13. a4 Ne8 14. Nf1 a6 15. Bc4 Nc7 16. Ng3 Bg6 17. Qd2 Ne6 18. Rad1 Qc7 19. Nf5 Bxf5 20. exf5 Nc5 21. Ba3 b6 22. f6 gxf6 23. Bxc5 bxc5 24. Nh4 Nd4 25. Qh6 1-0

[Event "RUS-ch sf Urals 60th"]
[Site "Nizhnij Tagil"]
[Date "2007.03.19"]
[Round "6"]
[White "Lobov, Dmitry"]
[Black "Abramov, Alexander"]
[Result "0-1"]
[WhiteElo "2152"]
[BlackElo "2282"]
[PlyCount "42"]
[EventDate "2007.03.14"]
[EventType "swiss"]
[EventRounds "9"]
[EventCountry "RUS"]
[SourceTitle "CBM 117 Extra"]
[Source "ChessBase"]
[SourceDate "2007.05.09"]
[SourceVersion "1"]
[SourceVersionDate "2007.05.09"]
[SourceQuality "1"]

1. e4 c5 2. Nf3 d6 3. d4 cxd4 4. Nxd4 Nf6 5. Nc3 Nc6 6. Bc4 e6 7. Be3 Be7 8. Qe2 0-0 9. 0-0-0 Qc7 10. Bb3 a6 11. g4 Nd7 12. Rhg1 Nc5 13. g5 Bd7 14. Qh5 Rfc8 15. f4 b5 16. Nxc6 Nxb3+ 17. axb3 Qxc6 18. Rg3 g6 19. Qh3 b4 20. Bd2 bxc3 21. Bxc3 e5 0-1

[Event "UKR-ch U20 sf"]
[Site "Kharkov"]
[Date "2004.12.11"]
[Round "1"]
[White "Posokhov, Dmitry"]
[Black "Lobov, Dmitry"]
[Result "1-0"]
[WhiteElo "2250"]
[BlackElo "2147"]
[PlyCount "71"]
[EventDate "2004.12.11"]
[EventType "swiss"]
[EventRounds "9"]
[EventCountry "UKR"]
[SourceTitle "EXT 2006"]
[Source "ChessBase"]
[SourceDate "2005.11.24"]
[SourceVersion "1"]
[SourceVersionDate "2005.11.24"]
[SourceQuality "1"]

1. e4 e5 2. Nf3 Nc6 3. Bb5 a6 4. Ba4 Nf6 5. 0-0 d6 6. Re1 Bg4 7. c3 Be7 8. d3 0-0 9. h3 Bh5 10. Nbd2 Nd7 11. Nf1 Bg6 12. Ne3 Kh8 13. g4 h5 14. Bc2 Kh7 15. Nf5 Rh8 16. Kg2 Kg8 17. g5 Nf8 18. d4 Nd7 19. Kh2 Kf8 20. Rg1 b5 21. N3h4 Kg8 22. f4 Nf8 23. Nxe7+ Qxe7 24. f5 exd4 25. fxg6 Qe5+ 26. Kh1 Nxg6 27. Nxg6 fxg6 28. Rf1 dxc3 29. Bf4 Qc5 30. Qd5+ Qxd5 31. exd5 cxb2 32. Rae1 Nb4 33. Bxg6 Nxd5 34. Bd2 Rh7 35. Bf7+ Kh8 36. Bxd5 1-0